00616 2200169 4500245003000000020002200030250001100052100001400063650001600077005001900093260004200112041001400154084000800168300002300176500023800199336000900437 aMataharicTere LiyehText a978-602-03-3211-6 aCet. 2 aTere Liye aNovel Fiksi a20231012094238 aJakartabGramedia Pustaka Utamac2016 aIndonesia a813 a400 hlm. :c20 cm. anamanya ali, 15 tahun, kelas sepuluh. jika saja orang tuanya mengizinkan, seharusnya ia sudah duduk ditingkat akhir ilmu fisika program doctor di universitas ternama. ali tidak menyukai sekolahnya guru gurunya, teman teman sekelasnya atext